000
00307nam a2200145Ia 4500
100
_a
Khangaonkar/P.R. Dr
490
_v
I
942
_c
BK
654
_a
Metallurgy
245
_a
Physical Metallurgy
260
_b
Pune vidyarthi griha
_a
Pune
_c
1985
082
_a
669.9
300
_a
231
546
_a
ENGLISH
999
_c
27034
_d
27034